| 000 | 00514nam a2200193Ia 4500 | ||
|---|---|---|---|
| 003 | OSt | ||
| 005 | 20250527143215.0 | ||
| 008 | 210210b1982 xxu||||| |||| 00| 0 eng d | ||
| 040 | _cAL | ||
| 041 | _aKannada | ||
| 082 | _ak894.3 VIJG | ||
| 100 |
_aVIJAYA SASANURA _dವಿಜಯ ಸಾಸನೂರ _9211360 |
||
| 245 |
_aGita sangeetha _bಗೀತಾ ಸಂಗೀತ |
||
| 260 |
_aBengaluru _bEn Bi Prakashana _c1982 |
||
| 300 | _a95 | ||
| 690 |
_aKannada Fiction _9211361 |
||
| 906 | _a035965 | ||
| 942 |
_2ddc _cBK |
||
| 999 |
_c86576 _d86576 |
||